• 首页
  • 本馆介绍
  • 公告通知
  • 最新文献
  • 馆藏检索
  • 电子资源
  • 读者荐购
  • 参考咨询
  • CALIS
  • 我的图书馆
  • 登录
  • 详细信息显示
  • 放入我的书架
  • 预约/预借图书
  • 作者相关作品
  • 分类相关作品
  • 丛书相关作品
  • 出版社相关作品

书目信息

  • 表格格式
  • 工作单格式
  • 卡片格式
题名:
瑞白传
    
 
作者: 马亚川 讲述 ;王松林 整理
分册:  
出版信息: 长春   吉林人民出版社  2009.03
页数: 12, 176, [7] 页图版
开本: 23cm
丛书名: 满族口头遗产传统说部丛书
单 册:
中图分类: I276.3
科图分类:
主题词: 满族--man zu--民间故事--中国
电子资源:
ISBN: 978-7-206-06126-4
 
 
 
 
 
000 01137nam 2200277 450
001 012009036094
005 20091125105148.86
010    @a978-7-206-06126-4@dCNY30.00
100    @a20091125d2009 em y0chiy0120 ea
101 0  @achi
102    @aCN@b220000
105    @aacf z 000fy
106    @ar
200 1  @a瑞白传@Arui bai chuan@f马亚川讲述@Fma ya chuan jiang shu@g王松林整理@Gwang song lin zheng li
210    @a长春@c吉林人民出版社@d2009.03
215    @a12, 176, [7] 页图版@c图, 肖像@d23cm
225 2  @a满族口头遗产传统说部丛书@Aman zu kou tou yi chan chuan tong shuo bu cong shu
300    @a中国首批国家级非物质文化遗产名录 、中国民族民间文化保护工程试点项目、 全国艺术科学“十一五”规划国家课题、 全国少数民族优秀图书出版资金资助项目
330    @a本书讲述了邱瑞白、邱瑞红兄妹在后娘折磨迫害的逆境中长大成人的曲折过程,最终以金榜题名,双喜临门为大结局。
410  0 @12001 @a满族口头遗产传统说部丛书
606 0  @a满族@Aman zu@x民间故事@y中国
690    @aI276.3@v4
701  0 @a马亚川@Ama ya chuan@4讲述
702  0 @a王松林@Awang song lin@4整理
801  0 @aCN@bQSSK@c20091125
905    @b765524-26@dI276.3@eM211@f3
    
    瑞白传/马亚川讲述/王松林整理.-长春:吉林人民出版社,2009.03
    12, 176, [7] 页图版:图, 肖像;23cm.-(满族口头遗产传统说部丛书)
    中国首批国家级非物质文化遗产名录 、中国民族民间文化保护工程试点项目、 全国艺术科学“十一五”规划国家课题、 全国少数民族优秀图书出版资金资助项目
    
    ISBN 978-7-206-06126-4:CNY30.00
    本书讲述了邱瑞白、邱瑞红兄妹在后娘折磨迫害的逆境中长大成人的曲折过程,最终以金榜题名,双喜临门为大结局。
●
相关链接 在E读中查询图书 在当当中查询图书 在豆瓣中查询图书


正题名:瑞白传     索取号:I276.3/M211         预约/预借

序号 登录号 条形码 馆藏地/架位号 状态 备注
1 765524   207655241   文学库116/116文学库 12排4列5层/ [索取号:I276.3/M211] 在馆    
2 765525   207655250   社科二线422/116文学库 12排4列5层/ [索取号:I276.3/M211] 在馆    
3 765526   207655269   文学库116/116文学库 12排4列5层/ [索取号:I276.3/M211] 在馆    
河南城建学院图书馆 欢迎您!
大连网信软件有限公司© 版权所有